000 00754nam a2200181Ia 4500
008 100920s9999 xx 000 0 und d
082 _b65993
_a570580 थ 91
100 _aवांगीकर पी.बी.
245 _aबोन्साय लघुवृक्ष--मंत्र आणि तंत्र.
260 _bसाहित्य सेवा प्रकाशन, औरंगाबाद.
_c1991
300 _a52
_bसाधी
365 _b40
520 _aशाऊ.
630 _aबोन्साय लघुवृक्ष--मंत्र आणि तंत्र.
650 _aशाऊ.
730 _aबोन्साय लघुवृक्ष--मंत्र आणि तंत्र.
942 _cBOOK
999 _c708691
_d708688